Statystyki dla Europejskie państwa pod względem ilości wysp

Kliknij tutaj aby rozwiązać quiz!

Ogólne statystyki

  • Ten quiz został rozwiązany 591 razy
  • Średni wynik to 4 z 6

Statystyki odpowiedzi

Ilość WyspOdpowiedź% Poprawnych
ok.150 tys.Norwegia
91%
ok.1400Grecja
87%
ok. 221,8 tys.Szwecja
87%
ok.180 tys.Finlandia
83%
ok.1185Chorwacja
50%
>1500Estonia
32%

Rozkład punktacji

Percentyl według liczby udzielonych odpowiedzi

Procent ludzi z każdym wynikiem

Twoja historia wyników

Nie rozwiązałeś tego quizu